000
00273nam a2200109Ia 4500
001
1259640
005
20260417140315.0
008
260417s9999 xx 000 0 und d
020
_a
9789752894150
245
0
_a
Kanlı Topraklar
_c
Orhan Kemal
260
_b
Everest Yayınları
999
_c
1259640
_d
1259640